| 000 | 00577nam a2200193Ia 4500 | ||
|---|---|---|---|
| 008 | 151121s9999||||xx |||||||||||||| ||und|| | ||
| 082 | _a833-/कौर | ||
| 082 | _bHNW-47401 | ||
| 100 | _aकौर बचिंत | ||
| 245 | _aकौन जानता है | ||
| 260 | _b"अनाम प्रकाशन, दिल्ली।" | ||
| 260 | _c-- | ||
| 300 | _a87 | ||
| 600 | _aकौर बचिंत | ||
| 630 | _aकौन जानता है | ||
| 700 | _aकौर बचिंत | ||
| 730 | _aकौन जानता है | ||
| 942 | _cBOOK | ||
| 999 |
_c1233486 _d1233483 |
||